Critical skills for solving design problems : useful tips from architects in practice (Record no. 12399)

000 -LEADER
fixed length control field 00431 a2200145 4500
003 - CONTROL NUMBER IDENTIFIER
control field OSt
005 - DATE AND TIME OF LATEST TRANSACTION
control field 20240116113511.0
008 - FIXED-LENGTH DATA ELEMENTS--GENERAL INFORMATION
fixed length control field 240116b ||||| |||| 00| 0 eng d
020 ## - INTERNATIONAL STANDARD BOOK NUMBER
International Standard Book Number 9781864708554
082 ## - DEWEY DECIMAL CLASSIFICATION NUMBER
Classification number 724.6
Item number DAV
100 ## - MAIN ENTRY--PERSONAL NAME
Personal name Davis, Paul Michael,
Dates associated with a name 1978-
245 ## - TITLE STATEMENT
Title Critical skills for solving design problems : useful tips from architects in practice
260 ## - PUBLICATION, DISTRIBUTION, ETC. (IMPRINT)
Name of publisher, distributor, etc Images Publishing Group Pty Ltd
Date of publication, distribution, etc 2020
942 ## - ADDED ENTRY ELEMENTS (KOHA)
Source of classification or shelving scheme
Holdings
Withdrawn status Lost status Source of classification or shelving scheme Damaged status Koha normalized classification for sorting Not for loan Permanent location Current location Date acquired Source of acquisition Cost, normal purchase price Full call number Barcode Date last seen Cost, replacement price Price effective from Koha item type
        724_600000000000000_DAV   BMS College of Architecture, Design and Planning BMS College of Architecture, Design and Planning 2024-01-16 1 2244.38 724.6 DAV AR-UG3686 2024-01-16 2992.50 2024-01-16 UG Books
Copyright © 2025, The Librarian, Library and Information Centre, BMSCA D&P, Bengaluru. All Rights Reserved
web counter

Powered by Koha